Un point de vue d'ingénieur sur la gestion des organisations.

Čo znamená riadiť? Tri princípy operujúce s výberom. Príklad ekonomického bludu pri produkcii uhlia. Zrážka medzi továrnikom, predávajúcim a finančníkom. Treda prihliadať na vzájomné pôsobenie. Pod tlakom súrnosti. Neutrálna, ale vysvetľujúca teória. (Annales des Mines-Gérer et comprendre dec. 1991)...

Full description

Saved in:
Bibliographic Details
Main Author: Riveline, C.
Format: Book Chapter
Language:French
Subjects:
Tags: Add Tag
No Tags, Be the first to tag this record!

MARC

LEADER 00000naa a2200000 4500
001 r010063
005 20220913125255.1
041 0 |a fre 
044 |a FR 
245 1 0 |a Un point de vue d'ingénieur sur la gestion des organisations.  |c C. Riveline 
520 |a Čo znamená riadiť? Tri princípy operujúce s výberom. Príklad ekonomického bludu pri produkcii uhlia. Zrážka medzi továrnikom, predávajúcim a finančníkom. Treda prihliadať na vzájomné pôsobenie. Pod tlakom súrnosti. Neutrálna, ale vysvetľujúca teória. (Annales des Mines-Gérer et comprendre dec. 1991). 
610 2 0 |a riadenie podnikové 
610 2 0 |a manažment 
610 2 0 |a organizácie 
100 1 |a Riveline, C.